书目信息 |
| 题名: |
语言暴力大揭秘
|
|
| 作者: | 帕钦 , 辛社佳 著 ;刘清山 译 | |
| 分册: | ||
| 出版信息: | 哈尔滨 黑龙江教育出版社 2017 |
|
| 页数: | 149页 | |
| 开本: | 24cm | |
| 丛书名: | ||
| 单 册: | ||
| 中图分类: | TN915.08-49 | |
| 科图分类: | ||
| 主题词: | 网络安全--安全教育--少年读物 | |
| 电子资源: | ||
| ISBN: | 978-7-5316-9210-2 | |
| 000 | 01456nam0 2200289 450 | |
| 001 | 3835 | |
| 005 | 20180527195225.16 | |
| 010 | @a978-7-5316-9210-2@dCNY28.00 | |
| 100 | @a20170802d2017 demy0chiy50 ea | |
| 101 | 0 | @achi |
| 102 | @aCN@b230000 | |
| 105 | @ay z 000yy | |
| 200 | 1 | @a语言暴力大揭秘@9yu yan bao li da jie mi@e跟网络欺凌说“不”@dWords wound delete cyberbullying and make kindness go viral@f(美)贾斯汀·W.帕钦,(美)萨米尔·辛社佳著@g刘清山译@zeng |
| 210 | @a哈尔滨@c黑龙江教育出版社@d2017 | |
| 215 | @a149页@d24cm | |
| 314 | @a贾斯汀·W.帕钦 (Justin W. Patchen),威斯康星大学欧克莱尔分校政治科学系刑事司法教授。 | |
| 314 | @a萨米尔·辛社佳 (Sameer Hinduja),佛罗里达大西洋大学犯罪和刑事司法教授。他目前和美国教育部以及许多州级教育部合作,帮助他们改进在预防和应对青少年科技误用问题时所采用的策略和计划。 | |
| 330 | @a本书分为:网络欺凌——你需要了解的知识;尊重他人 保护自己;营造善良的文化氛围三大部分,共七章,主要内容有:揭秘网络欺凌、发布内容前请三思、消除网络欺凌等。 | |
| 510 | 1 | @aWords wound delete cyberbullying and make kindness go viral@zeng |
| 517 | 1 | @a跟网络欺凌说“不”@9gen wang luo qi ling shuo“bu” |
| 606 | 0 | @a网络安全@x安全教育@j少年读物 |
| 690 | @aTN915.08-49@v5 | |
| 701 | 0 | @c(美)@a帕钦@9pa qin@c(Patchen, Justin W. )@4著 |
| 701 | 0 | @c(美)@a辛社佳@9xin she jia@c(Hinduja, Sameer)@4著 |
| 702 | 0 | @a刘清山@9liu qing shan@4译 |
| 801 | 0 | @aCN@b91MARC@c20170802 |
| 905 | @aMuseLib@dTN915.08-49@e183 | |
| 语言暴力大揭秘:跟网络欺凌说“不”=Words wound delete cyberbullying and make kindness go viral/(美)贾斯汀·W.帕钦,(美)萨米尔·辛社佳著/刘清山译.-哈尔滨:黑龙江教育出版社,2017 |
| 149页;24cm |
| ISBN 978-7-5316-9210-2:CNY28.00 |
| 本书分为:网络欺凌——你需要了解的知识;尊重他人 保护自己;营造善良的文化氛围三大部分,共七章,主要内容有:揭秘网络欺凌、发布内容前请三思、消除网络欺凌等。 |
| ● |
| 相关链接 |
|
|
|
|
正题名:语言暴力大揭秘
索取号:TN915.08-49/183
 
预约/预借
| 序号 | 登录号 | 条形码 | 馆藏地/架位号 | 状态 | 备注 |
| 1 | 1110802 | 211108022 | 第二样本阅览室/ [索取号:TN915.08-49/183] | 在馆 | |
| 2 | 1110803 | 211108031 | 教育系资料室/ [索取号:TN915.08-49/183] | 在馆 | |
| 3 | 1110804 | 211108040 | 教育系资料室/ [索取号:TN915.08-49/183] | 在馆 | |
| 4 | 1110805 | 211108059 | 第三借阅区/ [索取号:TN915.08-49/183] | 在馆 |